Instrumentos ópticos y optométricos. Teoría y prácticas
Sparad:
| Huvudupphovsmän: | , , |
|---|---|
| Övriga upphovsmän: | |
| Materialtyp: | Bok |
| Språk: | spanska |
| Publicerad: |
Valencia
Universitat de València
1998
|
| Serie: | Educació. Materials, 26
|
| Ämnen: | |
| Taggar: |
Lägg till en tagg
Inga taggar, Lägg till första taggen!
|
MARC
| LEADER | 00000nam a2200000 a 4500 | ||
|---|---|---|---|
| 001 | UCK3921 | ||
| 003 | CL-VaPUC | ||
| 008 | 050513e19980000SP |||||||||||||||||spa|d | ||
| 020 | |a 8437034906 | ||
| 082 | 0 | 4 | |a 681.4 |b MAR |2 21 |
| 100 | |a Martínez Corral, Manuel |e autor |9 492298 | ||
| 700 | |a Furlan, Walter D |e autor |9 492299 | ||
| 700 | 0 | |a Pons Martí, Amparo |e author |9 492300 | |
| 700 | 0 | |a Saavedra Tortosa, Genaro |e author |9 492301 | |
| 245 | 1 | 0 | |a Instrumentos ópticos y optométricos. Teoría y prácticas |
| 300 | |a 363 p | ||
| 942 | |c BK | ||
| 945 | |d 20050513 00:00:00 |a cmena | ||
| 260 | |a Valencia |b Universitat de València |c 1998 | ||
| 650 | 0 | |a Optica |9 263171 | |
| 650 | 0 | |a Instrumentos ópticos |9 314799 | |
| 650 | 7 | |a FOTOMETRIA |2 CL-VaPUC |9 266495 | |
| 650 | 0 | |a Microscopios |9 357471 | |
| 650 | 0 | |a Optica geométrica |9 355299 | |
| 583 | |a last modification |c 20050513 00:00:00 |k Rodrigo Vera | ||
| 490 | 0 | |a Educació. Materials, 26 | |
| 999 | |c 312966 |d 312964 | ||
| 952 | |0 0 |1 0 |4 0 |6 681_400000000000000_MAR_1998 |7 0 |8 A |9 383983 |a BIBCUR |b BIBCUR |d 2019-11-22 |i 412863K |o 681.4 MAR 1998 |p 412863K |r 2025-04-22 |w 2019-11-22 |y BK |k FIS | ||